Home extensions and improvements (Record no. 121548)

MARC details
000 -LEADER
fixed length control field 01128nam a22002297a 4500
001 - CONTROL NUMBER
control field 121548
008 - FIXED-LENGTH DATA ELEMENTS--GENERAL INFORMATION
fixed length control field 230622s2022 xxk|||||o|||| 00| 0 eng d
041 ## - LANGUAGE CODE
Language code of text/sound track or separate title eng
110 ## - MAIN ENTRY--CORPORATE NAME
Corporate author Royal Institution of Chartered Surveyors
245 ## - TITLE STATEMENT
Title Home extensions and improvements
Subtitle A clear impartial guide
Medium [Electronic resource]
260 ## - PUBLICATION INFORMATION
Place of publication London,
Publisher Royal Institution of Chartered Surveyors,
Date 11 April 2022
300 ## - PHYSICAL DESCRIPTION
Physical description 16p.
490 ## - SERIES TITLE
Series statement RICS Consumer Guide
520 ## - ABSTRACT
Abstract The following guide has been written by RICS and offers advice to homeowners considering developments to their home. It is also useful for those looking to improve their property before putting it on the market and homebuyers planning to take on a property with a view to developing it.
650 ## - KEYWORDS
Keywords HOME EXTENSIONS
650 ## - KEYWORDS
Keywords RESIDENTIAL PROPERTY
651 ## - SUBJECT ADDED ENTRY--GEOGRAPHIC NAME
Geographic name United Kingdom
690 ## - BROAD SUBJECT
9 (RLIN) 6266
Broad subject Residential property
710 ## - ADDED CORPORATE NAME
Added corporate author Royal Institution of Chartered Surveyors
856 ## - ONLINE RESOURCE
Uniform Resource Identifier <a href="https://www.ricsfirms.com/residential/improvements/extensions/rics-consumer-guide-home-extensions/">https://www.ricsfirms.com/residential/improvements/extensions/rics-consumer-guide-home-extensions/</a>
Public note Available on rics.org/consumerguides
942 ## - ADDED ENTRY ELEMENTS (KOHA)
Suppress in OPAC Do not suppress in OPAC
Holdings
Lost status Damaged status Not for loan Home library Current library Shelving location Date acquired Total Checkouts Full call number Date last seen Price effective from Koha item type
      Virtual Virtual Online 22/06/2023   ONLINE PUBLICATION 22/06/2023 22/06/2023 Online material